| 000 | 01408nam a2200325 c 4500 | ||
|---|---|---|---|
| 003 | BLK | ||
| 005 | 20180420222634.0 | ||
| 008 | 180408b bul|||||r ||||||| ||bul|| | ||
| 010 | _aKNG00060920000 | ||
| 040 | _aBLK | ||
| 041 |
_aBUL _cBUL |
||
| 080 |
_aСоциография. Социално положение. Условия на политическия и социалния живот. Социално и социално-икономическо положение на отделните страни, народи, раси. Социална география. (Общи въпроси) _b308 _x(45) _z308(45) |
||
| 080 |
_aГеография на Италия _b913(450) _x _z913(450) |
||
| 100 | 1 |
_aКираджиев, Светлин Стефанов _eпърви автор _9242915 |
|
| 139 |
_aКираджиев, Светлин Стефанов _bК 56 |
||
| 245 | 1 | 0 |
_aИталия _bОчерк _cСветлин Стефанов Кираджиев. |
| 257 | _aBGR | ||
| 260 |
_аСофия _bНар. просв. _c1985 |
||
| 300 |
_a184 с. _bс ил., 16 л. цв. ил. _c17 см |
||
| 380 | _a3 | ||
| 490 | 1 | _aБиблиотека География | |
| 650 | 4 |
_aИталия _9178965 |
|
| 651 | 4 |
_aИталия _9178965 |
|
| 653 | _aИталия | ||
| 852 | _aЦб І 22086 | ||
| 856 | 4 |
_qpdf _u |
|
| 856 | 4 |
_qpdf _u |
|
| 942 |
_cKNG _n0 |
||
| 944 |
_aCR _c13.06.2004 _kМилена_Ачева |
||
| 944 |
_aED _c06.02.2013 _k |
||
| 999 |
_c56933 _d56933 |
||